[Event "Rated Blitz game"]
[Site "?"]
[Date "2021.06.13"]
[Round "?"]
[White "rumiek"]
[Black "GoughPhar"]
[Result "1-0"]
[WhiteElo "2430"]
[BlackElo "2442"]
[PlyCount "129"]
[EventDate "2021.??.??"]
[EventType "blitz"]

1. e4 e5 2. Nf3 d5 3. Nc3 Nf6 4. d4 exd4 5. Qxd4 dxe4 6. Qxd8+ Kxd8 7. Ng5 Ke8
8. Ngxe4 Be7 9. Bf4 Bf5 10. Bd3 Nxe4 11. Bxe4 Bxe4 12. Nxe4 Nc6 13. Bxc7 Rc8
14. Be5 f6 15. Bc3 Kf7 16. O-O-O b5 17. Nd6+ Bxd6 18. Rxd6 b4 19. Bd2 Ke7 20.
Rd3 Ne5 21. Bxb4+ Kf7 22. Ra3 Rc7 23. Bd6 Rd7 24. Bxe5 fxe5 25. Rd1 Rc7 26. Rd5
Rhc8 27. c3 Ke6 28. Rda5 Rf7 29. f3 e4 30. Ra6+ Ke5 31. R3a5+ Kf4 32. Ra4 Re8
33. Kd2 Rd7+ 34. Ke2 Rb7 35. b3 g5 36. g3+ Kf5 37. R6a5+ Kg6 38. Rxe4 Rxe4+ 39.
fxe4 Rc7 40. c4 h5 41. Ke3 h4 42. g4 Kf6 43. Ra6+ Ke5 44. Ra5+ Kf6 45. Rf5+ Kg6
46. e5 a5 47. Ke4 a4 48. Rf6+ Kg7 49. Kf5 axb3 50. axb3 Rb7 51. Kxg5 Rxb3 52.
Kxh4 Rc3 53. Rc6 Re3 54. Rc5 Kg6 55. Rc6+ Kg7 56. e6 Re4 57. Kg5 Re5+ 58. Kf4
Re1 59. h4 Kh6 60. e7+ Kh7 61. Rc7 Kh6 62. Kf5 Rxe7 63. g5+ Kh5 64. Rxe7 Kxh4
65. g6 {Normal} 1-0

[Event "Rated Blitz tournament 8isNN6k8"]
[Site "?"]
[Date "2021.06.13"]
[Round "?"]
[White "Harry_Rakel"]
[Black "iskander2007"]
[Result "1-0"]
[WhiteElo "2607"]
[BlackElo "2226"]
[PlyCount "81"]
[EventDate "2021.??.??"]
[EventType "blitz"]

1. e4 e5 2. Nf3 d5 3. exd5 e4 4. Qe2 f5 5. d3 Nf6 6. dxe4 fxe4 7. c4 Bc5 8. Ng5
O-O 9. h3 Bf5 10. Be3 Nbd7 11. Nc3 Qe7 12. O-O-O Ne5 13. g4 Bd7 14. Kb1 Ng6 15.
Ka1 Bxe3 16. Qxe3 Rae8 17. Bg2 Qe5 18. Ngxe4 Nxe4 19. Bxe4 Nf4 20. f3 a6 21. h4
b5 22. cxb5 axb5 23. Qd4 b4 24. Qxb4 Ng2 25. Qd4 Qd6 26. h5 Rb8 27. h6 Rf7 28.
hxg7 Rxg7 29. Bxh7+ Kf8 30. Bb1 Kf7 31. Ne4 Qb6 32. Nc5 Bc8 33. Rd2 Qb4 34.
Qxb4 Rxb4 35. Rxg2 Rd4 36. Ne6 Bxe6 37. dxe6+ Kxe6 38. Rh6+ Ke7 39. Re2+ Kd7
40. Bf5+ Kd8 41. Rh8+ {Normal} 1-0

[Event "Rated Blitz game"]
[Site "?"]
[Date "2021.06.13"]
[Round "?"]
[White "Avanti1914"]
[Black "pasha1984"]
[Result "1-0"]
[WhiteElo "2379"]
[BlackElo "2416"]
[PlyCount "167"]
[EventDate "2021.??.??"]
[EventType "blitz"]

1. e4 e5 2. Nf3 d5 3. exd5 e4 4. Qe2 Nf6 5. Nc3 Be7 6. Nxe4 Nxd5 7. d4 O-O 8.
Be3 Re8 9. O-O-O f5 10. Nc3 Nxc3 11. bxc3 Be6 12. Kb1 c6 13. c4 Ba3 14. Qd3 Qe7
15. d5 cxd5 16. cxd5 Qb4+ 17. Qb3 Rd8 18. Bc4 Bf7 19. Qxb4 Bxb4 20. Ne5 Bd6 21.
Nxf7 Kxf7 22. Bd3 g6 23. c4 Nd7 24. Kc2 Nc5 25. Bxc5 Bxc5 26. f3 Re8 27. Rhe1
Be3 28. g3 Rac8 29. Re2 Bc5 30. Rde1 Rxe2+ 31. Rxe2 Bd6 32. Kb3 b6 33. a4 Re8
34. a5 Rxe2 35. Bxe2 Bc5 36. a6 Kf6 37. Ka4 Ke5 38. Kb5 Kd6 39. h3 Bf2 40. g4
fxg4 41. hxg4 h5 42. gxh5 gxh5 43. f4 h4 44. Bg4 Bd4 45. Bh3 Bf6 46. Bg2 Bg7
47. Bf1 Bh6 48. f5 Bg7 49. Bg2 Bf6 50. Bh3 Be5 51. Kb4 Bf6 52. Kb5 Be5 53. Bg2
Bf6 54. Bf1 Be5 55. Bh3 Bf6 56. Bg4 Be5 57. Bf3 Bf6 58. Bh1 h3 59. Bf3 h2 60.
Bh1 Be5 61. Bg2 Bf6 62. Ka4 Be5 63. Kb4 Bf6 64. Kb5 Be5 65. Kb4 Bf6 66. Kb3 Be5
67. Kc2 Kc5 68. Kd3 Kd6 69. Ke4 Bf6 70. Kf4 Be7 71. Kg3 Bf6 72. Kxh2 Kc5 73.
Bf1 Kd4 74. Kh3 Ke5 75. Kg4 Ke4 76. Bg2+ Ke5 77. Bh3 Kd4 78. Kh5 Kxc4 79. Kg6
Kxd5 80. Kxf6 b5 81. Ke7 b4 82. f6 b3 83. f7 b2 84. f8=Q {Time forfeit} 1-0

[Event "Rated Blitz tournament BVyy9A5S"]
[Site "?"]
[Date "2021.06.13"]
[Round "?"]
[White "sapber"]
[Black "DarthZannah"]
[Result "1-0"]
[WhiteElo "2533"]
[BlackElo "2568"]
[PlyCount "93"]
[EventDate "2021.??.??"]
[EventType "blitz"]

1. e4 e5 2. Nf3 d5 3. Nxe5 dxe4 4. d4 Nd7 5. Bc4 Nxe5 6. dxe5 Qxd1+ 7. Kxd1 Bc5
8. Ke2 Bg4+ 9. f3 exf3+ 10. gxf3 Bf5 11. c3 Ne7 12. Be3 Bxe3 13. Kxe3 Ng6 14.
f4 O-O-O 15. Na3 Rd7 16. Rad1 Rhd8 17. Rxd7 Rxd7 18. h4 h5 19. Nb5 a6 20. Nd4
Bg4 21. Bd3 Ne7 22. Be4 c5 23. Nb3 b6 24. Rh2 Rd1 25. Rh1 Rxh1 26. Bxh1 Nf5+
27. Kf2 Nxh4 28. Nd2 Kc7 29. Ne4 Be6 30. b3 Nf5 31. Ng5 Ne7 32. Bf3 g6 33. Be2
Nd5 34. Bxa6 Nxc3 35. Nxe6+ fxe6 36. Bd3 Nd5 37. Kg3 Ne7 38. Kh4 Kc6 39. Kg5
Kd5 40. Bc4+ Ke4 41. Bxe6 Nd5 42. Bxd5+ Kxd5 43. Kf6 h4 44. e6 h3 45. e7 h2 46.
e8=Q h1=Q 47. Qa8+ {Normal} 1-0

[Event "Rated Blitz game"]
[Site "?"]
[Date "2021.06.13"]
[Round "?"]
[White "sanjay_1977"]
[Black "DarthZannah"]
[Result "0-1"]
[WhiteElo "2371"]
[BlackElo "2560"]
[PlyCount "60"]
[EventDate "2021.??.??"]
[EventType "blitz"]

1. e4 e5 2. Nf3 d5 3. d4 dxe4 4. Nxe5 Nd7 5. Nc4 Nb6 6. Nc3 Nf6 7. Bg5 Be7 8.
Ne5 O-O 9. Be2 Nbd5 10. Bd2 c5 11. Nxd5 Qxd5 12. Be3 cxd4 13. Bxd4 Rd8 14. c3
Be6 15. O-O Rac8 16. Qb3 Qxd4 17. Qxe6 fxe6 18. cxd4 Rxd4 19. Rfc1 Rxc1+ 20.
Rxc1 Rd2 21. Kf1 h6 22. g4 Rxb2 23. Rc8+ Kh7 24. h4 Rxa2 25. g5 hxg5 26. hxg5
Nd5 27. Bh5 Nf4 28. g6+ Kh6 29. Rh8+ Kg5 30. Nf7+ Kf6 {Time forfeit} 0-1

[Event "Rated Blitz tournament YtuHIWbJ"]
[Site "?"]
[Date "2021.06.12"]
[Round "?"]
[White "DmitriyBiryuk777"]
[Black "yat1ma"]
[Result "1-0"]
[WhiteElo "2593"]
[BlackElo "2209"]
[PlyCount "97"]
[EventDate "2021.??.??"]
[EventType "blitz"]

1. e4 e5 2. Nf3 d5 3. Nxe5 dxe4 4. d4 Nd7 5. Nxd7 Bxd7 6. Nc3 Nf6 7. Bc4 Be7 8.
O-O O-O 9. Qe2 Bf5 10. Rd1 c6 11. d5 cxd5 12. Nxd5 Nxd5 13. Bxd5 Qc7 14. Bxe4
Bxe4 15. Qxe4 Rfe8 16. Bf4 Qb6 17. Be3 Qxb2 18. Rab1 Qxa2 19. Rxb7 Bf6 20. Qc6
a5 21. g4 h6 22. Rdd7 a4 23. Ra7 Rxa7 24. Rxa7 Rd8 25. Rxa4 Qb1+ 26. Kg2 Qd1
27. Ra8 Kh7 28. Qe4+ g6 29. Rxd8 Qxd8 30. Qd3 Qe7 31. f3 Kg7 32. h3 Qc7 33. Bd4
Bxd4 34. Qxd4+ Kg8 35. Qd3 g5 36. Qe3 Qxc2+ 37. Qf2 Qg6 38. Qe3 Kg7 39. Qe5+
Qf6 40. Qxf6+ Kxf6 41. Kf2 Ke5 42. Ke3 f5 43. Kf2 fxg4 44. hxg4 Kf6 45. Ke3 Kg6
46. Ke4 h5 47. gxh5+ Kxh5 48. Ke3 Kh4 49. Kf2 {Time forfeit} 1-0

[Event "Rated Blitz game"]
[Site "?"]
[Date "2021.06.12"]
[Round "?"]
[White "Sanek_Mikheev"]
[Black "dr_xStranger"]
[Result "1-0"]
[WhiteElo "2509"]
[BlackElo "2462"]
[PlyCount "169"]
[EventDate "2021.??.??"]
[EventType "blitz"]

1. e4 e5 2. Nf3 d5 3. exd5 e4 4. Qe2 Nf6 5. d3 Bb4+ 6. c3 O-O 7. dxe4 Bc5 8.
Bg5 Re8 9. Nbd2 c6 10. dxc6 Nxc6 11. O-O-O Qa5 12. Nb3 Qxa2 13. Nxc5 Nxe4 14.
Nxe4 Bf5 15. Qc4 Qa1+ 16. Kc2 Bxe4+ 17. Bd3 Bxd3+ 18. Qxd3 Qa2 19. Be3 Na5 20.
Ra1 Qb3+ 21. Kc1 Nc4 22. Qc2 Qb5 23. Re1 a5 24. b3 Nd6 25. Nd4 Qh5 26. h3 Rec8
27. Kb2 a4 28. Bf4 axb3 29. Qxb3 Rxa1 30. Rxa1 Ne8 31. Re1 h6 32. Re7 Qg6 33.
Bg3 Nf6 34. Rxb7 Kh7 35. Qxf7 Qg5 36. Qb3 h5 37. Qc2+ Qg6 38. h4 Qxc2+ 39. Kxc2
Ne4 40. Rb5 Rxc3+ 41. Kb2 Rc8 42. Rxh5+ Kg6 43. Re5 Nf6 44. Rg5+ Kf7 45. Nf5
Ne4 46. Nd6+ Nxd6 47. Bxd6 Rd8 48. Be5 g6 49. Kc3 Ke6 50. Bd4 Rc8+ 51. Kd3 Kf7
52. Re5 Rh8 53. Re3 Rh5 54. Rf3+ Ke6 55. g3 Kd5 56. Re3 Rh7 57. f4 Rb7 58. Re5+
Kc6 59. Rc5+ Kd6 60. Rc3 Rb1 61. Ke4 Rd1 62. Re3 Rg1 63. Rd3 Rf1 64. Be3+ Ke7
65. Rd5 Rh1 66. Re5+ Kf7 67. Bc5 Rh2 68. Bd4 Rh1 69. Kd5 Rg1 70. Re4 Rf1 71.
Re5 Rf2 72. Rf5+ Ke7 73. Re5+ Kf6 74. Re3+ Kf7 75. Be5 Ke7 76. Rd3 Re2 77. Rd4
Rd2 78. Rxd2 Kf7 79. Re2 Ke8 80. Kd6 Kf7 81. Kd7 Kf8 82. Bd6+ Kg7 83. Re7+ Kg8
84. Rg7+ Kh8 85. Be5 {Time forfeit} 1-0

[Event "Rated Blitz tournament yLVpCSUl"]
[Site "?"]
[Date "2021.06.12"]
[Round "?"]
[White "perdomov"]
[Black "txebyshev"]
[Result "1-0"]
[WhiteElo "2277"]
[BlackElo "2423"]
[PlyCount "55"]
[EventDate "2021.??.??"]
[EventType "blitz"]

1. e4 e5 2. Nf3 d5 3. Nc3 dxe4 4. Nxe5 Nf6 5. d4 exd3 6. Bxd3 Bd6 7. Bf4 O-O 8.
O-O Nbd7 9. Nxd7 Qxd7 10. Bg5 Be5 11. Re1 Bxc3 12. bxc3 Qc6 13. Re3 h6 14. Bh4
Bg4 15. Qf1 g5 16. Bg3 a6 17. f4 Nd5 18. Re5 Rae8 19. fxg5 Rxe5 20. Bxe5 hxg5
21. c4 Ne3 22. Qf2 f6 23. Bd4 Nxc4 24. Re1 Nd6 25. h3 Bh5 26. Re6 Qd5 27. Rxf6
Rxf6 28. Qxf6 {Time forfeit} 1-0

[Event "Rated Blitz tournament qt7uDL6X"]
[Site "?"]
[Date "2021.06.12"]
[Round "?"]
[White "Bis_Kecil_BKD"]
[Black "arrashii"]
[Result "1-0"]
[WhiteElo "2478"]
[BlackElo "2253"]
[PlyCount "79"]
[EventDate "2021.??.??"]
[EventType "blitz"]

1. e4 e5 2. Nf3 d5 3. exd5 e4 4. Qe2 Nf6 5. d3 Bb4+ 6. Nfd2 O-O 7. dxe4 Nxe4 8.
c3 Nxd2 9. Bxd2 Re8 10. Be3 Ba5 11. Qf3 Nd7 12. Bb5 Ne5 13. Qg3 c6 14. dxc6
bxc6 15. Be2 Nd3+ 16. Kf1 Nxb2 17. Bd4 g6 18. h4 c5 19. Be3 Ba6 20. Nd2 Bxe2+
21. Kxe2 Qd3+ 22. Kf3 Rxe3+ 23. fxe3 Qxd2 24. Qe5 Bxc3 25. Qe4 Rd8 26. Rac1 Bb4
27. Rc2 Nc4 28. Qxc4 Qd6 29. h5 Qd7 30. hxg6 Qf5+ 31. Qf4 Qxg6 32. Qg4 Re8 33.
Qxg6+ hxg6 34. Rc4 Kg7 35. Rd1 Re5 36. Rd7 Kf8 37. Rxa7 Rf5+ 38. Rf4 Bc3 39.
Rxf5 gxf5 40. Kf4 {Normal} 1-0

[Event "Rated Blitz tournament YtuHIWbJ"]
[Site "?"]
[Date "2021.06.12"]
[Round "?"]
[White "BuromVpered"]
[Black "batasjon"]
[Result "1-0"]
[WhiteElo "2550"]
[BlackElo "2420"]
[PlyCount "77"]
[EventDate "2021.??.??"]
[EventType "blitz"]

1. e4 e5 2. Nf3 d5 3. Nxe5 Bd6 4. d4 dxe4 5. Nc3 Nf6 6. Bg5 O-O 7. Bxf6 Qxf6 8.
Nxe4 Qe7 9. Bd3 Bxe5 10. dxe5 Qxe5 11. O-O Nc6 12. c3 Bf5 13. Ng3 Bxd3 14. Qxd3
Rad8 15. Qc2 Rfe8 16. h3 g6 17. Rad1 b6 18. Qa4 Na5 19. b4 Nc4 20. Qc6 Rxd1 21.
Rxd1 b5 22. Rd5 Qe1+ 23. Kh2 Re6 24. Qxb5 Nd6 25. Qb8+ Kg7 26. Qxc7 Ne8 27.
Qxa7 Qxc3 28. Qd4+ Qxd4 29. Rxd4 Re1 30. a4 Ra1 31. b5 Nc7 32. b6 Ne6 33. Rb4
Nc5 34. b7 Nxb7 35. Rxb7 Rxa4 36. Rc7 Ra2 37. f3 h5 38. Ne4 h4 39. Ng5 {Normal}
1-0

[Event "Rated Blitz game"]
[Site "?"]
[Date "2021.06.12"]
[Round "?"]
[White "ElAradi_Mohamed"]
[Black "jflup"]
[Result "0-1"]
[WhiteElo "2323"]
[BlackElo "2500"]
[PlyCount "94"]
[EventDate "2021.??.??"]
[EventType "blitz"]

1. e4 e5 2. Nf3 d5 3. Nxe5 Bd6 4. d4 dxe4 5. Bf4 Nf6 6. Nc3 O-O 7. Bc4 Nc6 8.
Nxc6 bxc6 9. Bg5 h6 10. Bh4 Bf5 11. Bg3 Rb8 12. Bb3 Nd5 13. O-O Nxc3 14. bxc3
Bg6 15. Qg4 Kh7 16. f3 f5 17. Qh4 Be7 18. Qf4 Bd6 19. Qh4 f4 20. Qxd8 Rbxd8 21.
Bh4 Rde8 22. fxe4 Bxe4 23. Rae1 g5 24. Bf2 Bf5 25. Ba4 Kg6 26. Bxc6 Rxe1 27.
Rxe1 Bxc2 28. Re6+ Kg7 29. Be4 Bxe4 30. Rxe4 Rb8 31. d5 Rb1+ 32. Re1 Rb2 33.
Bd4+ Kg6 34. Bxa7 Rxa2 35. Bd4 Rc2 36. h3 Kf5 37. g4+ fxg3 38. Rf1+ Ke4 39.
Re1+ Kd3 40. Re3+ Kc4 41. Re4 Kxd5 42. Rg4 c5 43. Bg7 Bf4 44. h4 Ke4 45. hxg5
hxg5 46. Bf6 Kf3 47. Bxg5 Rc1# {Normal} 0-1

[Event "Rated Blitz game"]
[Site "?"]
[Date "2021.06.12"]
[Round "?"]
[White "econet_marara"]
[Black "magos33"]
[Result "0-1"]
[WhiteElo "2380"]
[BlackElo "2419"]
[PlyCount "126"]
[EventDate "2021.??.??"]
[EventType "blitz"]

1. e4 e5 2. Nf3 d5 3. Nxe5 Bd6 4. d4 dxe4 5. Nc3 Bxe5 6. dxe5 Qxd1+ 7. Nxd1 Nc6
8. Nc3 Bf5 9. Bf4 Nge7 10. O-O-O Ng6 11. Bg3 Ncxe5 12. Nb5 O-O 13. h4 h5 14.
Be2 a6 15. Nd4 Bg4 16. f3 exf3 17. gxf3 Bd7 18. f4 Ng4 19. f5 N6e5 20. f6 g6
21. Bxg4 Nxg4 22. Bxc7 Nf2 23. Rhf1 Nxd1 24. Rxd1 Rac8 25. Bd6 Rfe8 26. Be7 Bg4
27. Re1 Rc4 28. c3 Rec8 29. Kd2 b5 30. Bb4 Rd8 31. Be7 Re8 32. a3 Kh7 33. Re5
Kh6 34. b3 Rc7 35. Kd3 Rec8 36. Bb4 Rd7 37. Re7 Rxe7 38. fxe7 f6 39. Ke4 g5 40.
hxg5+ fxg5 41. Ke5 Kg6 42. Ne6 h4 43. Nf8+ Kf7 44. Nh7 Kg6 45. Nf8+ Kg7 46. Ke4
h3 47. Bd6 Re8 48. Ke3 Rxe7+ 49. Kf2 Rf7+ 50. Kg3 Rxf8 51. Bxf8+ Kxf8 52. c4
bxc4 53. bxc4 Ke7 54. a4 Kd6 55. Kxg4 h2 56. Kh3 h1=Q+ 57. Kg4 Qe4+ 58. Kxg5
Qxc4 59. Kg6 Qxa4 60. Kf6 Qf4+ 61. Kg6 Ke7 62. Kh7 Kf7 63. Kh8 Qh4# {Normal}
0-1

[Event "Rated Blitz game"]
[Site "?"]
[Date "2021.06.12"]
[Round "?"]
[White "Electracy"]
[Black "liaqat321"]
[Result "0-1"]
[WhiteElo "2420"]
[BlackElo "2393"]
[PlyCount "34"]
[EventDate "2021.??.??"]
[EventType "blitz"]

1. e4 e5 2. Nf3 d5 3. d4 dxe4 4. Nxe5 Bd6 5. Nc4 Nf6 6. Nxd6+ Qxd6 7. c3 O-O 8.
Be2 c5 9. dxc5 Qxc5 10. Be3 Qf5 11. h3 Qe5 12. Nd2 Nc6 13. O-O Be6 14. Qc2 Rad8
15. Nb3 Qc7 16. Nd4 Nxd4 17. Bxd4 Rxd4 {Normal} 0-1

[Event "Rated Blitz game"]
[Site "?"]
[Date "2021.06.12"]
[Round "?"]
[White "KoumissLover"]
[Black "Fantastic_power06"]
[Result "0-1"]
[WhiteElo "2523"]
[BlackElo "2637"]
[PlyCount "66"]
[EventDate "2021.??.??"]
[EventType "blitz"]

1. e4 e5 2. Nf3 d5 3. exd5 e4 4. Qe2 Nf6 5. d3 Qxd5 6. Nbd2 Nc6 7. Nxe4 Be6 8.
Nxf6+ gxf6 9. Qe4 Qh5 10. Be2 O-O-O 11. Nd4 Qa5+ 12. Bd2 Rxd4 13. Bxa5 Rxe4 14.
dxe4 Nxa5 15. O-O-O Bc5 16. f3 Nc6 17. a3 Rg8 18. g4 Nd4 19. Rd2 Nxe2+ 20. Rxe2
Bc4 21. Ree1 Rd8 22. b3 Bxa3+ 23. Kb1 Be6 24. Rd1 Bd6 25. h4 a5 26. Rd4 Be5 27.
Rxd8+ Kxd8 28. g5 Ke7 29. Kc1 b5 30. Kd2 a4 31. bxa4 bxa4 32. Kd3 Bb2 33. c3
Bb3 {Normal} 0-1

[Event "Rated Blitz tournament YtuHIWbJ"]
[Site "?"]
[Date "2021.06.12"]
[Round "?"]
[White "ThiesHeinemann"]
[Black "InvisibleKoT"]
[Result "0-1"]
[WhiteElo "2563"]
[BlackElo "2565"]
[PlyCount "108"]
[EventDate "2021.??.??"]
[EventType "blitz"]

1. e4 e5 2. Nf3 d5 3. exd5 e4 4. Qe2 Nf6 5. d3 Qxd5 6. Nc3 Bb4 7. Bd2 Bxc3 8.
Bxc3 O-O 9. Nd2 exd3 10. Qxd3 Re8+ 11. Kd1 Qc5 12. Bxf6 Qxf2 13. Ne4 Qf4 14.
Bg5 Qxe4 15. Qxe4 Rxe4 16. Kd2 Nc6 17. g3 Bf5 18. Bd3 Rd4 19. Be3 Rd7 20. Rad1
Rad8 21. Kc3 Be6 22. Be2 Ne7 23. Rxd7 Rxd7 24. Bf3 Bd5 25. Rf1 Bxf3 26. Rxf3
Nd5+ 27. Kb3 f6 28. c4 Nxe3 29. Rxe3 Kf7 30. Kc3 g5 31. c5 b6 32. Kc4 bxc5 33.
Re2 h5 34. Kxc5 Rd6 35. b4 a6 36. a4 f5 37. b5 axb5 38. Kxb5 Kf6 39. a5 Rd5+
40. Kb4 Rd4+ 41. Kb5 Rd5+ 42. Kb4 f4 43. gxf4 gxf4 44. a6 c5+ 45. Kb5 c4+ 46.
Kb6 Rd6+ 47. Kb7 Rd3 48. Ra2 Rb3+ 49. Kc6 Re3 50. a7 Re6+ 51. Kd7 Re7+ 52. Kd8
Rxa7 53. Rxa7 Ke5 54. Rc7 Kd4 {Time forfeit} 0-1

[Event "Rated Blitz tournament YtuHIWbJ"]
[Site "?"]
[Date "2021.06.12"]
[Round "?"]
[White "Voltamper"]
[Black "InvisibleKoT"]
[Result "1-0"]
[WhiteElo "2564"]
[BlackElo "2576"]
[PlyCount "83"]
[EventDate "2021.??.??"]
[EventType "blitz"]

1. e4 e5 2. Nf3 d5 3. Nxe5 Bd6 4. d4 dxe4 5. Nc4 Nf6 6. Nxd6+ Qxd6 7. Be3 O-O
8. Be2 Rd8 9. O-O Nc6 10. c3 Bf5 11. Nd2 Ne7 12. Nc4 Qd7 13. Ne5 Qc8 14. Qb3
Be6 15. c4 a5 16. d5 a4 17. Qc3 Bf5 18. Rad1 Re8 19. Bg5 Nd7 20. Ng4 Ng6 21.
Bh6 gxh6 22. Nxh6+ Kf8 23. Nxf5 Nde5 24. Ne3 Qd8 25. Qb4+ Kg8 26. g3 Qg5 27.
Rfe1 Nh4 28. Kh1 Nhf3 29. Bxf3 Nxf3 30. Re2 Qh5 31. Nf1 Nxh2 32. Nxh2 Qxe2 33.
Re1 Qxf2 34. Rf1 Qe2 35. Qxb7 Rac8 36. d6 Red8 37. d7 Rb8 38. Qd5 Qxf1+ 39.
Nxf1 Rxb2 40. Qg5+ Kf8 41. Qxd8+ Kg7 42. Qg5+ {Normal} 1-0

[Event "Rated Blitz tournament 5qUALc7t"]
[Site "?"]
[Date "2021.06.12"]
[Round "?"]
[White "Crying__lightning"]
[Black "YSA_kbpl"]
[Result "0-1"]
[WhiteElo "2353"]
[BlackElo "2425"]
[PlyCount "108"]
[EventDate "2021.??.??"]
[EventType "blitz"]

1. e4 e5 2. Nf3 d5 3. exd5 e4 4. Qe2 Nf6 5. d3 Bb4+ 6. c3 O-O 7. dxe4 Bc5 8.
Nbd2 Re8 9. h3 Bb6 10. Qd3 Bf5 11. Be2 Nxe4 12. Nxe4 Bxe4 13. Qd1 Bxf3 14. gxf3
Qh4 15. Rf1 Nd7 16. Bd2 Ne5 17. Qc2 Nxf3+ 18. Kd1 Nh2 19. Re1 Bxf2 20. Rh1 Qg3
21. Qd3 Qg2 22. Rf1 Nxf1 23. Bxf1 Qg3 24. Qb5 Be1 25. Be2 Bxd2 26. Kxd2 Qe3+
27. Kd1 c6 28. Qd3 Qxd3+ 29. Bxd3 cxd5 30. Kc2 Re3 31. Rg1 Rxh3 32. Bf5 Rh2+
33. Kb3 Rd8 34. Bd3 g6 35. Bb5 Rd6 36. Re1 Rb6 37. Ka4 a6 38. Bd3 Rhxb2 39. a3
R6b3 40. Re8+ Kg7 41. Re7 Rxc3 42. Bf1 b5+ 43. Ka5 Rxa3+ 44. Kb6 Rf3 45. Re8
Rxf1 46. Kc6 d4 47. Kd6 d3 48. Rb8 d2 49. Kc7 d1=Q 50. Kb7 Qd7+ 51. Ka8 Rf6 52.
Rg8+ Kxg8 53. Kb8 Re6 54. Ka8 Re8# {Normal} 0-1

[Event "Rated Blitz game"]
[Site "?"]
[Date "2021.06.12"]
[Round "?"]
[White "rudolf85"]
[Black "annaly1979"]
[Result "0-1"]
[WhiteElo "2431"]
[BlackElo "2403"]
[PlyCount "98"]
[EventDate "2021.??.??"]
[EventType "blitz"]

1. e4 e5 2. Nf3 d5 3. exd5 e4 4. Nd4 c5 5. Nb3 f5 6. c4 Nf6 7. Nc3 Bd6 8. d3
O-O 9. Bg5 Qe8 10. Bxf6 Rxf6 11. dxe4 fxe4 12. Be2 Bf5 13. Qd2 a6 14. Nd1 Bg6
15. Ne3 Nd7 16. h4 Ne5 17. h5 Bf7 18. O-O-O Rb8 19. Rdf1 Nd3+ 20. Bxd3 exd3 21.
Qxd3 Bxh5 22. Nf5 Bf4+ 23. Kb1 Rxf5 24. g4 Bxg4 25. Rfg1 h5 26. Rxg4 hxg4 27.
Qxf5 Bh6 28. Nxc5 b5 29. Nd7 Rd8 30. Nf6+ gxf6 31. Rxh6 Qe1+ 32. Kc2 Qe2+ 33.
Kc1 Qe1+ 34. Kc2 Qe2+ 35. Kc1 Qxc4+ 36. Qc2 Qf4+ 37. Qd2 Rc8+ 38. Kd1 Qf3+ 39.
Ke1 Qg2 40. Qf4 Re8+ 41. Kd2 Qxd5+ 42. Kc2 Re2+ 43. Kc3 Qc5+ 44. Kb3 Qc2+ 45.
Ka3 Qa4+ 46. Qxa4 bxa4 47. Rxf6 Kg7 48. Rf4 Kh6 49. Rxg4 Rxf2 {Time forfeit}
0-1

[Event "Rated Blitz game"]
[Site "?"]
[Date "2021.06.12"]
[Round "?"]
[White "Glig"]
[Black "Nikolaj_6"]
[Result "1-0"]
[WhiteElo "2550"]
[BlackElo "2565"]
[PlyCount "73"]
[EventDate "2021.??.??"]
[EventType "blitz"]

1. e4 e5 2. Nf3 d5 3. Nxe5 Bd6 4. d4 dxe4 5. Nc4 Nf6 6. Bg5 Nbd7 7. Be2 h6 8.
Bh4 Be7 9. Ne3 Nb6 10. c4 O-O 11. Nc3 c5 12. d5 Ne8 13. Bg3 f5 14. Be5 Bd6 15.
Bxd6 Nxd6 16. g3 Bd7 17. Qd2 Na4 18. Nxa4 Bxa4 19. b3 Bd7 20. Ng2 Qf6 21. Rd1
b5 22. h4 bxc4 23. Bxc4 Nxc4 24. bxc4 Rab8 25. O-O Rb2 26. Qe3 Rc8 27. h5 Rxa2
28. Nf4 Ra4 29. Rc1 Qd4 30. Qe2 Rb8 31. Rfd1 Qb2 32. Qe3 Rc8 33. Rb1 Qa2 34.
Rb7 Be8 35. Qc3 Bf7 36. Qe5 Qxc4 37. Rxf7 {Normal} 1-0

[Event "Rated Blitz tournament qt7uDL6X"]
[Site "?"]
[Date "2021.06.12"]
[Round "?"]
[White "Elangsaktii"]
[Black "om_gendut"]
[Result "1/2-1/2"]
[WhiteElo "2485"]
[BlackElo "2435"]
[PlyCount "28"]
[EventDate "2021.??.??"]
[EventType "blitz"]

1. e4 e5 2. Nf3 d5 3. Nc3 dxe4 4. Nxe4 Nf6 5. Nxf6+ Qxf6 6. d4 exd4 7. Qxd4 Be7
8. Bf4 Nc6 9. Qxf6 Bxf6 10. O-O-O O-O 11. Bxc7 Bf5 12. c3 Rac8 13. Bd6 Rfd8 14.
Bd3 Be6 {Normal} 1/2-1/2

[Event "Rated Blitz game"]
[Site "?"]
[Date "2021.06.12"]
[Round "?"]
[White "Litti"]
[Black "oALzKiEo"]
[Result "1-0"]
[WhiteElo "2442"]
[BlackElo "2398"]
[PlyCount "49"]
[EventDate "2021.??.??"]
[EventType "blitz"]

1. e4 e5 2. Nf3 d5 3. exd5 e4 4. Ne5 Qxd5 5. d4 exd3 6. Nxd3 Bf5 7. Nc3 Qe6+ 8.
Be2 Nc6 9. Nf4 Qe5 10. Qd5 Bd6 11. Be3 O-O-O 12. O-O-O Nf6 13. Qxf7 Ng4 14. Rd5
Rhf8 15. Rxe5 Ncxe5 16. Qxg7 Nxe3 17. fxe3 Rg8 18. Qh6 Bb4 19. Bc4 Nxc4 20. Re1
Bxc3 21. bxc3 Rde8 22. Nd5 Be4 23. Nf6 Rg6 24. Qh3+ Kd8 25. Qd7# {Normal} 1-0

[Event "Rated Blitz game"]
[Site "?"]
[Date "2021.06.12"]
[Round "?"]
[White "mezat"]
[Black "pasha1984"]
[Result "1/2-1/2"]
[WhiteElo "2545"]
[BlackElo "2413"]
[PlyCount "84"]
[EventDate "2021.??.??"]
[EventType "blitz"]

1. e4 e5 2. Nf3 d5 3. d4 dxe4 4. Nxe5 Bd6 5. Bc4 Bxe5 6. Qh5 Qe7 7. dxe5 g6 8.
Qg5 Nc6 9. Qxe7+ Ngxe7 10. Bf4 Nd4 11. Na3 Be6 12. O-O-O O-O-O 13. Bg5 Rhe8 14.
c3 Bxc4 15. Nxc4 Ne6 16. Bf6 Rxd1+ 17. Rxd1 Ng8 18. Kc2 Nxf6 19. exf6 Nf4 20.
Ne3 Nh5 21. Ng4 Re6 22. Kd2 Nxf6 23. Nxf6 Rxf6 24. Ke3 Re6 25. g4 f5 26. gxf5
gxf5 27. Kf4 Rh6 28. Kxf5 Rxh2 29. Rf1 e3 30. fxe3 Rxb2 31. a4 Kd7 32. Ke4 Ra2
33. Rf7+ Kd6 34. Rxh7 Rxa4+ 35. Kd3 Rg4 36. Rh6+ Kc5 37. Rh5+ Kb6 38. e4 a5 39.
Rh6+ Kc5 40. Rh5+ Kb6 41. Rh6+ Kc5 42. Rh5+ Kb6 {Normal} 1/2-1/2

[Event "Rated Blitz game"]
[Site "?"]
[Date "2021.06.12"]
[Round "?"]
[White "Stapfenoder"]
[Black "annaly1979"]
[Result "1-0"]
[WhiteElo "2409"]
[BlackElo "2418"]
[PlyCount "137"]
[EventDate "2021.??.??"]
[EventType "blitz"]

1. e4 e5 2. Nf3 d5 3. exd5 e4 4. Ne5 Bd6 5. d4 Nf6 6. Nc3 h6 7. Bc4 O-O 8. Bf4
a6 9. a4 Bf5 10. O-O Nbd7 11. h3 Re8 12. a5 Nxe5 13. dxe5 Bxe5 14. Bxe5 Rxe5
15. Qd4 Qd6 16. Rfe1 Rae8 17. Rad1 Bg6 18. Re3 Qb4 19. Ra1 Qxb2 20. Rb1 Qa3 21.
Rxb7 Qxa5 22. Ra7 Qa1+ 23. Kh2 Qb2 24. Rxa6 Qxc2 25. Ra2 Qc1 26. Ne2 Qe1 27.
Nf4 Qb4 28. Nxg6 fxg6 29. d6+ Kh7 30. dxc7 Rc5 31. Rc2 Rxc7 32. g3 Qb8 33. Rec3
Rce7 34. Qe3 Qe5 35. Be2 h5 36. h4 Qe6 37. Rc6 Ng4+ 38. Bxg4 Qxg4 39. Rc7 Rxc7
40. Rxc7 Rf8 41. Qd4 Rg8 42. Re7 g5 43. Rxe4 Qf3 44. hxg5 Rf8 45. Rf4 Rxf4 46.
Qxf4 Qe2 47. Kg2 Qe8 48. Qf5+ Kh8 49. g6 Qa8+ 50. Kh2 Qe8 51. Qxh5+ Kg8 52.
Qh7+ Kf8 53. Qh8+ Ke7 54. Qxg7+ Ke6 55. Qf7+ Qxf7 56. gxf7 Kxf7 57. Kh3 Kg6 58.
f4 Kf5 59. Kh4 Kg6 60. g4 Kh6 61. g5+ Kg6 62. Kg4 Kg7 63. f5 Kf7 64. Kf4 Kg7
65. Ke5 Kh7 66. g6+ Kg8 67. Ke6 Kf8 68. Kf6 Kg8 69. g7 {Time forfeit} 1-0

[Event "Rated Blitz tournament qt7uDL6X"]
[Site "?"]
[Date "2021.06.12"]
[Round "?"]
[White "YSA_kbpl"]
[Black "arrashii"]
[Result "1-0"]
[WhiteElo "2401"]
[BlackElo "2260"]
[PlyCount "137"]
[EventDate "2021.??.??"]
[EventType "blitz"]

1. e4 e5 2. Nf3 d5 3. d4 dxe4 4. Nxe5 Be6 5. Nc3 Nf6 6. Bg5 Bb4 7. Be2 h6 8.
Bh4 Nbd7 9. Nxd7 Qxd7 10. O-O Bxc3 11. bxc3 Nd5 12. Qd2 Nb6 13. Qe3 f5 14. Bh5+
Bf7 15. Bxf7+ Qxf7 16. f3 Nd5 17. Qe1 Nb6 18. fxe4 f4 19. e5 g5 20. Bf2 O-O-O
21. a4 Kb8 22. a5 Nc4 23. a6 b6 24. Qe4 Qd5 25. Qxd5 Rxd5 26. Rfe1 Re8 27. Rab1
Re6 28. Rb4 Na3 29. c4 Ra5 30. d5 Nxc2 31. dxe6 Nxe1 32. Bxe1 Rxe5 33. Bf2 Rxe6
34. c5 Rc6 35. Kf1 Kc8 36. cxb6 cxb6 37. Re4 Rc1+ 38. Re1 Rc2 39. Re8+ Kc7 40.
Re7+ Kc6 41. Rxa7 Ra2 42. Ra8 b5 43. a7 Ra1+ 44. Ke2 Ra2+ 45. Ke1 Ra3 46. Rc8+
Kd7 47. a8=Q Ra4 48. Qxa4 bxa4 49. Ra8 Kc6 50. Rxa4 g4 51. Ra6+ Kd5 52. Rxh6
Ke4 53. Rh4 f3 54. Rxg4+ Kf5 55. gxf3 Ke5 56. Ke2 Kf5 57. Re4 Kg5 58. h4+ Kh5
59. Ke3 Kg6 60. Kf4 Kf6 61. Kg4 Kf7 62. Kf5 Kg7 63. Re6 Kf7 64. h5 Kg7 65. Bd4+
Kh7 66. Kf6 Kh6 67. Re4 Kxh5 68. Rf4 Kh6 69. Rh4# {Normal} 1-0